Příručka automatizovaného řízení jakosti v podniku

Gespeichert in:
Bibliographische Detailangaben
1. Verfasser: Egermayer, František
Format: Buch
Sprache:Tschechisch
Veröffentlicht: Praha Stát. ped. nakl. 1988
Ausgabe:1. vyd.
Tags: Tag hinzufügen
Keine Tags, Fügen Sie das erste Tag hinzu!

MARC

LEADER 00000nam a2200000 4500
001 c033026
005 20221219085627.5
041 0 |a cze 
044 |a CZ 
245 1 0 |a Příručka automatizovaného řízení jakosti v podniku  |c František Egermayer 
250 |a 1. vyd. 
264 1 |a Praha  |b Stát. ped. nakl.  |c 1988 
300 |a 253 s. 
100 1 |a Egermayer, František